Gold Dust Woman - Fleetwood Mac (All Lyrics) - Statistics

General Stats
  • This quiz has been taken 24 times
  • The average score is 169 of 206
Answer Stats
Answer % Correct
a
100%
did
100%
Do
100%
dust
100%
Dust
100%
go
100%
Go
100%
gold
100%
Gold
100%
know
100%
love?
100%
the
100%
who
100%
woman
100%
Woman
100%
you
100%
You
100%
your
100%
and
94%
And
94%
cry
94%
cry?
94%
down
94%
down?
94%
home?
94%
home
94%
how
94%
make
94%
Make
94%
now?
94%
now
94%
of
94%
Pick
94%
pick
94%
pieces
94%
she
94%
Take
94%
to
94%
up
94%
Up
94%
I'll
88%
illusions
88%
over
88%
Shatter
88%
silver
88%
break
82%
is
82%
it
82%
on
82%
shadow
82%
spoon
82%
in
76%
dig
71%
grave
71%
Well
71%
for
65%
Rock
65%
bad
59%
better
59%
lovers
59%
me
59%
put
59%
queen
59%
Rulers
59%
sale
59%
ancient
53%
but
53%
kingdom
53%
pray
53%
prey
53%
tell
47%
they
47%
those
47%
Follow
41%
Heartless
41%
loud
41%
never
41%
out
41%
pale
41%
Pale
41%
their
41%
Black
35%
challenge
35%
morning
35%
Wake
35%
widow
35%
dragon
29%
path
29%
she's
29%
Lousy
24%
See
24%
sunrise
18%
loves
12%
No matching quizzes found
Score Distribution
Percent of People with Each Score
Percentile by Number Answered
Your Score History
You have not taken this quiz